|
|
|
|
| LEADER |
00000nam0a2200000 4500 |
| 001 |
308417 |
| 005 |
20231102002106.0 |
| 020 |
|
|
|a RU
|b 81-81991
|
| 035 |
|
|
|a (RuTPU)RU\TPU\book\333737
|
| 090 |
|
|
|a 308417
|
| 100 |
|
|
|a 20151102d1981 m y0rusy5003 ca
|
| 101 |
0 |
|
|a rus
|
| 102 |
|
|
|a RU
|
| 105 |
|
|
|a a z 000zy
|
| 200 |
1 |
|
|a Малогабаритные кассетные диктофоны
|f Л. И. Смирнов
|
| 210 |
|
|
|a Москва
|c Радио и связь
|d 1981
|
| 215 |
|
|
|a 57 с.
|c ил.
|
| 225 |
1 |
|
|a Массовая радиобиблиотека
|v Вып. 1044
|
| 606 |
1 |
|
|a Диктофоны
|x кассетные
|2 stltpush
|3 (RuTPU)RU\TPU\subj\9497
|9 36732
|
| 610 |
1 |
|
|a конструирование
|
| 610 |
1 |
|
|a миниатюризация
|
| 610 |
1 |
|
|a автоматизация
|
| 610 |
1 |
|
|a карманные приемники
|
| 610 |
1 |
|
|a изготовление
|
| 610 |
1 |
|
|a описание
|
| 675 |
|
|
|a 681.847
|z rus
|v 3
|
| 700 |
|
1 |
|a Смирнов
|b Л. И.
|g Лев Иванович
|4 070
|
| 801 |
|
0 |
|a RU
|b RuMRKP
|c 19950704
|g psbo
|
| 801 |
|
1 |
|a RU
|b 63413507
|c 20151102
|
| 801 |
|
2 |
|a RU
|b 63413507
|c 20190718
|g RCR
|
| 942 |
|
|
|c BK
|